000 01011nam a2200289 i 4500
001 000029101
003 DO-SdBNP
005 20230726133850.0
007 ta
008 110413s1974 dr a 000 | spa d
040 _aDO-SdBNP
_bspa
_cBNPHU
_erda
049 _aBNPD
082 4 _bM593q
_222
245 0 0 _aMétodos químicos para la determinación de la calidad del pescado /
_cIdalisa Bonnelly de Calventi... [et al.].
264 _aSanto Domingo :
_bCentro Nacional de Consultoría y Asesoramiento Psicológico,
_c1974.
300 _a58 páginas :
_bilustraciones ;
_c21 cm.
336 _2rdacontent
_atexto
_btxt
337 _2rdamedia
_asin mediación
_bn
338 _2rdacarrier
_avolumen
_bnc
590 _aInventariado, 2023/BT
700 1 _aBonnelly Calventi, Idalisa de
_956004
700 1 _aNúñez Ricart, Nirva de
_956005
700 1 _aJarowska, Sophie
_956006
700 1 _aPérez Incháustegui, Josefina de
_936770
700 1 _aLebrón de Álvarez, Victoria E.
_956007
942 _2ddc
_cLBS1
999 _c28593
_d28593